| 000 | 00781nam a22002417a 4500 | ||
|---|---|---|---|
| 999 |
_c10778 _d10778 |
||
| 003 | AR-CdUCM | ||
| 008 | 190402b ||||| |||| 00| 0 spa d | ||
| 040 |
_aMUNICIPALIDAD PROVINCIAL DEL CUSCO _cBIBLIOTECA MUNICIPAL DEL CUSCO |
||
| 082 |
_aC / 869.508 / _bM23A |
||
| 100 |
_aMatto de Turner, Clorinda _9719 |
||
| 245 | _aAves sin nido / | ||
| 260 |
_aCusco : _bH. G. Rozas, _c1958. |
||
| 300 |
_a2 tomos ; _c17 cm. |
||
| 440 |
_aFestival del Libro Cuzqueño. _n1a. Serie _927797 |
||
| 500 | _aColección dirigida por Luis Nieto. | ||
| 505 | _aContenido: t.1: Primera parte -- t.2: Segunda parte. | ||
| 650 |
_aLiteratura Peruana _9132 |
||
| 650 |
_aSiglo XIX _9971 |
||
| 650 |
_aNovelas de costumbres _9168 |
||
| 650 |
_aCusco _9772 |
||
| 942 |
_2ddc _cLIBROS |
||
| 945 | _aachl | ||